Birth of western economy: economic aspects of the dark ages (Record no. 370340)

000 -LEADER
fixed length control field 00366cam a22001217a 4500
008 - FIXED-LENGTH DATA ELEMENTS--GENERAL INFORMATION
fixed length control field 180718b1961 xxu||||| |||| 00| 0 eng d
082 ## - DEWEY DECIMAL CLASSIFICATION NUMBER
Classification number T0x4 D351
100 ## - MAIN ENTRY--PERSONAL NAME
Personal name Latouche, Robert
245 ## - TITLE STATEMENT
Title Birth of western economy: economic aspects of the dark ages
Statement of responsibility, etc. by Robert Latouche
260 ## - PUBLICATION, DISTRIBUTION, ETC.
Place of publication, distribution, etc. London
Name of publisher, distributor, etc. Methuen
Date of publication, distribution, etc. 1961
300 ## - PHYSICAL DESCRIPTION
Extent 341p.
650 ## - SUBJECT ADDED ENTRY--TOPICAL TERM
Topical term or geographic name entry element Europe - Economic History
Holdings
Withdrawn status Lost status Damaged status Not for loan Permanent Location Current Location Date acquired Full call number Barcode Date last seen Price effective from Koha item type
        Indian Institute of Public Administration Indian Institute of Public Administration 1994-06-04 T0x4 D351 26210 2018-07-21 2018-07-21 Book

Powered by Koha